000 00670cam a22002293a 4500
001 9337
003 PGUSA
005 20140828083210.0
008 051101s2005||||xxu|||||s|||||000 1 eng d
040 _aPGUSA
_beng
042 _adc
050 4 _aPR
100 1 _aConrad, Joseph,
_d1857-1924
245 1 0 _aAmy Foster
_h[electronic resource] /
_cJoseph Conrad
260 _bProject Gutenberg,
_c2005
506 _aCopyrighted. Read the copyright notice inside this book for details.
516 _aElectronic text
653 _aMan-woman relationships -- Fiction
830 0 _aProject Gutenberg
_v9337
856 4 0 _uhttp://www.gutenberg.org/ebooks/9337
942 _cAB
999 _c238593
_d238593